Statistiques concernant Miley Cyrus - Flowers (Lyrics)

Cliquez ici pour prendre le quiz!

Statistiques générales

  • Ce quiz a été pris 173 fois
  • Le résultat moyen est 256 sur 323

Statistiques - réponses

Answers% Correct
flowers
100%
I
100%
buy
99%
can
99%
Can
99%
my
99%
myself
97%
the
95%
in
93%
a
90%
for
90%
hours
90%
sand
90%
to
90%
you
90%
name
88%
then
88%
Talk
87%
Write
86%
don't
85%
be
84%
love
84%
me
83%
dancing
82%
understand
82%
better
80%
hold
80%
take
80%
hand
78%
and
77%
things
77%
own
75%
than
74%
Say
73%
We
71%
we
71%
were
67%
but
66%
Yeah
65%
yeah
65%
cry
61%
baby
59%
leave
59%
good
58%
remembered
57%
wanna
57%
Started
56%
that
55%
didn't
53%
Oh
53%
can't
52%
fight
52%
it
50%
no
50%
No
50%
right
48%
want
45%
burn
44%
til
42%
watched
40%
dream
39%
home
39%
weren't
39%
Built
37%
lie
35%
said
34%
word
34%
every
33%
gold
33%
Kinda
33%
regret
32%
sold
32%
cherry
30%
nails
29%
Paint
27%
red
25%
left
24%
roses
24%
forgive
23%
remorse
22%
Match
20%
Mmm
14%

Distribution des résultats

Percentile par nombre de réponses

% des personnes avec chaque résultat

Votre développement - résultats

Vous n’avez pas pris ce quiz